Economía del turismo
Saved in:
| Hovedforfatter: | |
|---|---|
| Format: | Bog |
| Sprog: | spansk |
| Udgivet: |
Lima
Universidad de San Martín de Porres
2003
|
| Serier: | Manuales de Estudios Turísticos, 2
|
| Fag: | |
| Tags: |
Tilføj Tag
Ingen Tags, Vær først til at tagge denne postø!
|
MARC
| LEADER | 00000nam a2200000 a 4500 | ||
|---|---|---|---|
| 001 | UCG0765 | ||
| 003 | CL-VaPUC | ||
| 008 | 100408e20030000PE |||||||||||||||||spa|d | ||
| 020 | |a 9972541010 | ||
| 082 | 0 | 4 | |a 338.4791 |b MAR |2 21 |
| 100 | |a Marsano Delgado, José |e autor |9 548295 | ||
| 245 | 1 | 0 | |a Economía del turismo |
| 300 | |a 210 p | ||
| 942 | |c BK | ||
| 945 | |d 20100408 00:00:00 |a rbrito | ||
| 260 | |a Lima |b Universidad de San Martín de Porres |c 2003 | ||
| 650 | 0 | |a Turismo |9 308920 | |
| 650 | 0 | |a Industria turística |9 347913 | |
| 650 | 0 | |a Desarrollo turístico |9 525699 | |
| 583 | |a last modification |c 20130328 10:42:11 |k Rodrigo Vera | ||
| 490 | 0 | |a Manuales de Estudios Turísticos, 2 | |
| 999 | |c 340289 |d 340287 | ||
| 952 | |0 0 |1 0 |4 0 |6 338_479100000000000_MAR_2003 |7 0 |8 A |9 434869 |a BIBING |b BIBING |d 2019-11-22 |i 4658884 |o 338.4791 MAR 2003 |p 4658884 |r 2025-01-20 |w 2019-11-22 |y BK |k GEO | ||